|
|
|
|
| LEADER |
01064nam a22002417a 4500 |
| 001 |
30017 |
| 003 |
BD-DhAAL |
| 005 |
20240925123843.0 |
| 008 |
150903s1990 bg a|||| |||| 00| 0 eng d |
| 040 |
|
|
|a BD-DhAAL
|c BD-DhAAL
|
| 082 |
|
|
|2 22
|a 307.1412095492
|
| 245 |
|
|
|a Rural Credit Project (RCP) :
|k half yearly report
|g Jun. 1990.
|
| 264 |
|
|
|a Dhaka :
|b BRAC,
|c 1990.
|
| 300 |
|
|
|a 26 pages :
|b illustrations ;
|c 28 cm.
|
| 541 |
|
|
|e 30018
|a BRAC
|
| 610 |
|
|
|a BRAC
|9 14397
|
| 650 |
|
|
|a Rural development
|z Bangladesh.
|9 14398
|
| 710 |
|
|
|a BRAC
|9 14397
|
| 852 |
|
|
|a Ayesha Abed Library
|c BRAC Resource Section
|
| 942 |
|
|
|2 ddc
|c BK
|
| 999 |
|
|
|c 35722
|d 35722
|
| 952 |
|
|
|0 0
|1 0
|2 ddc
|4 0
|6 307_141209549200000_RUR
|7 1
|9 56176
|a BRACUL
|b BRACUL
|c BRS
|d 2015-10-08
|e BRAC
|l 0
|o 307.1412095492 RUR
|p 3010030018
|r 2015-10-08
|t 2
|w 2015-10-08
|y BK
|x BRAC ; price not available in register
|
| 952 |
|
|
|0 0
|1 0
|2 ddc
|4 0
|6 307_141209549200000_RUR
|7 1
|9 56177
|a BRACUL
|b BRACUL
|c BRS
|d 2015-10-08
|e BRAC
|l 1
|o 307.1412095492 RUR
|p 3010030017
|r 2025-12-30
|s 2025-03-24
|t 1
|w 2015-10-08
|y BK
|x BRAC ; price not available in register
|